01100nam a2200241Ia 4500003000400000005001700004008004100021020000600062040002100068041000800089082002500097100002700122245010800149250002300257260005500280300002900335490002100364505036900385650002700754650001600781650001700797700004400814OSt20210427142923.0210310s1945 mx gr 000 0 spa d a0 aCO-JMCRcCO-JMCR0 aspa04a335.41 / bD633e2231 aDobb, Maurice, eautor10aEconomía política y capitalismo / cMaurice Dobb ; versión en español, Emigdio Martínez Adame aPrimera edición  aMéxico : bFondo de cultura económica, c1945. b357 páginas ; c21 cm. aPánuco ; v63.0 aRequisitos de una teoría del valor. -- La economía política clásica. -- La economía política clásica y Marx. -- Las crisis económicas. -- La tendencia de la economía moderna. -- Fricciones y expectativas: algunas tendencias recientes de la teoría económica. -- Imperialismo. -- El problema de la ley económica en una economía socialista.14aEconomía política.24aSocialismo.24aCapitalismo.1 aMartínez Adame, Emigdio, etraductor